00773cam a2200241 a 450000100100000000500170001000800410002702000150006804000280008304100380011108200170014910000170016624500450018326000390022830000280026750000560029550400410035150400210039265000290041363000400044265000270048271000220050900000187720200929145736.0000901s2000 sp a b 001 0 spa d a8441510539 aDO-SdBNPcORXdMIAdDLC17aspaheng2Código de idioma MARC a006.6bR628f1 aRoame, Tony.10aFreeHand 9 para Macintosh /cTony Roame. aMadrid :bAnaya multimedia,c2000. a319 p. :bil. ;c24 cm. aTítulo original: Macromedia FreeHand 9 authorized aIncluye referencias bibliográficas aIncluye índice 4aGráfico por computador04aFREEHAND (PROGRAMA PARA COMPUTADOR) 4aPágina webxDiseño2 aMacromedia (Firm)